000 00441nam a2200181Ia 4500
001 2508
005 20260306144812.0
008 260306t2012||||xx |||||||||||||| ||spa||
041 _aESP
082 _a616.8914
_bC68
100 _aClarck, David A.
_eAUT
245 0 _aTerapia cognitiva para trastornos de ansiedad:
_bciencia y práctica
260 _c2012
300 _a
_c
650 _aGEN
654 _aCPS
942 _cLIB
_dJUS
_fJUS
_2ddc
_n
999 _c2508
_d2508